Problems with the estimation of moving average processes (Registro nro. 26224)

Detalles MARC
000 -LEADER
fixed length control field 00350 a2200109 4500
001 - CONTROL NUMBER
control field ART_12276
005 - DATE AND TIME OF LATEST TRANSACTION
control field 20260410161904.0
008 - FIXED-LENGTH DATA ELEMENTS--GENERAL INFORMATION
fixed length control field 260409a
100 1# - MAIN ENTRY--PERSONAL NAME
Personal name Davidson, James E. H.
245 10 - TITLE STATEMENT
Title Problems with the estimation of moving average processes
773 0# - HOST ITEM ENTRY
Title Journal of econometrics
Related parts - Vol. 16, Nº 3 (ago. 1981)
Record control number REV11720

No hay ítems disponibles.